| 000 | 00543nam a2200193Ia 4500 | ||
|---|---|---|---|
| 005 | 20230117135925.0 | ||
| 008 | 131103s9999 xx 000 0 und d | ||
| 040 | _aLoreto College | ||
| 041 | _aEnglish | ||
| 082 |
_a821.4 _bMIL-THO |
||
| 245 |
_aMilton criticism _b selections from four centuries _cEdited by James Thorpe |
||
| 260 |
_aLondon _bRoutledge & Kegan Paul _c1956 |
||
| 300 | _aviii,381p. | ||
| 504 | _aIncludes index | ||
| 650 | _aMilton, John - Criticism | ||
| 700 | _aThorpe, James; ed. | ||
| 850 | _aLCLIB | ||
| 942 | _cBK | ||
| 999 |
_c21302 _d71781 |
||